| 000 | 00912nas a2200313 4500 | ||
|---|---|---|---|
| 001 | BR0504957 | ||
| 003 | BR-BrBNA | ||
| 005 | 20231205105658.0 | ||
| 007 | ta | ||
| 008 | 230509b bl.|||p| |||| 00| 00por d | ||
| 040 |
_aBR-BrBNA _bpor _cBiblioteca Nacional de Agricultura |
||
| 041 | _a(Pt) | ||
| 072 | _aL01; P40 | ||
| 100 | 1 | _aLaloni, L.A. | |
| 100 | 1 | _aNããs, I.A. | |
| 100 | 1 | _aMacari, M. | |
| 100 | 1 | _aPereira, D.F. | |
| 100 | 1 | _aPinheiro, M. das G. | |
| 245 | 1 | _aÍndice de previsão de produção de leite para vacas Jersey | |
| 650 | _aGADO LEITEIRO | ||
| 650 | _aPRODUÇÃO LEITEIRA | ||
| 650 | _aUMIDADE RELATIVA | ||
| 650 | _aMEIO AMBIENTE | ||
| 650 | _aVARIAÇÃO SAZONAL | ||
| 650 | _aESTIMATIVA | ||
| 773 | 0 |
_tEngenharia Agrícola (Brazil) _xISSN 0100-6916 _g(May-Aug 2004), v. 24(2) p. 246-254 _wBR0504957 |
|
| 909 |
_a202311 _bLúcia _c55 _dLúcia Elande |
||
| 942 |
_2AGRIS _n0 _cANA |
||
| 999 |
_c184111 _d184111 |
||